Champions League Barcelona #2 - Estadísticas

Estadísticas generales
  • Esta prueba ha sido intentada 122 veces
  • La puntuación promedio es 9 de 10
Estadísticas de respuestas
# Partidos Respuesta Nacionalidad % Correcto
3 130 Andres Iniesta ESPAÑA
100%
2 149 Lionel Messi ARGENTINA
100%
1 151 XAVI ESPAÑA
98%
5 124 Pique ESPAÑA
95%
6 115 Carles Puyol ESPAÑA
93%
4 129 Sergio Busquets ESPAÑA
92%
8 85 Ter stegen ALEMANIA
88%
9 80 Dani Alves BRASIL
85%
10 77 Jordi Alba ESPAÑA
83%
7 106 Victor valdes ESPAÑA
78%
No se encontraron pruebas coincidentes
Distribución de puntuación
Porcentaje de gente con cada puntuación
Porcentaje por número respondido
Historial de tus puntuaciones
No has intentado esta prueba.